| 000 | 00936nam a22002895a 4500 | ||
|---|---|---|---|
| 006 | a||||fr|||| 00| 0 | ||
| 008 | 100921t2003 ii a|||frb||| 001 0 eng d | ||
| 010 | _a2002070013 | ||
| 020 | _a8120322355 | ||
| 020 | _a9788120322356 | ||
| 040 |
_aEG-ScBUE _beng _cEG-ScBUE |
||
| 082 | 0 | 4 |
_a001.424 _bTAH _222 |
| 100 | 1 |
_aTaha, Hamdy A. _919665 |
|
| 245 | 1 | 0 |
_aOperations Research : _bAn Introduction / _cHamdy A. Taha. |
| 250 | _a7th ed. | ||
| 260 |
_aNew Delhi : _bPrentice Hall of India, _cc. 2003. |
||
| 300 |
_axvii, 830 p. : _bill.; _c24 cm. + _e1 CD-ROM (4 3/4 in.) |
||
| 500 | _aIndex : p. 825-830. | ||
| 500 | _aAppendix : p. 765-824. | ||
| 504 | _aInclude Bibliographic references. | ||
| 590 | _aMenna Elemam | ||
| 650 | 0 |
_aOperations research. _919666 _2BUEsh |
|
| 650 | 0 |
_aProgramming (Mathematics) _919667 _2BUEsh |
|
| 651 | _2BUEsh | ||
| 653 |
_bCOMSCI _cAugust2015 |
||
| 942 |
_cBB _k001.424 TAH _2ddc |
||
| 999 |
_c1163 _d1163 |
||